ნორმალური ფორმატი
MARC ფორმატი
ჩანაწერი Personal Name
ჩანაწერთა რაოდენობა, რომელიც გამოყენებულია: 1
001 - CONTROL NUMBER
- control field: 4923
003 - CONTROL NUMBER IDENTIFIER
- control field: GE_BSU
005 - DATE AND TIME OF LATEST TRANSACTION
- control field: 20191022111714.0
008 - FIXED-LENGTH DATA ELEMENTS
- fixed length control field: 191022|| aca||aabn | a|a d
040 ## - CATALOGING SOURCE
- Original cataloging agency: GE_BSU
- Transcribing agency: GE_BSU
100 ## - HEADING--PERSONAL NAME
- Personal name: კოსტავა, ნინო
- Relator term: ავტორი
670 ## - SOURCE DATA FOUND
- Source citation: Work cat.: (GE_BSU)36309: ბასილაძე, იმერ;ჭოხონელიძე, ნინო; კოსტავა, ნინო; 4921, სწავლებისა და სწავლის ინტერაქტიური მეთოდები, აქტივობის ფორმები, შეფასების კრიტერიუმები, პედაგოგიური ტექნოლოგიები და მათი ზოგადპედაგოგიური დახასიათება /
